Thú rừng - Mammalia Việt Nam hình thái và sinh học sinh thái một số loài

Saved in:
Bibliographic Details
Format: Book
Published: H. Khoa học Tự nhiên và Công nghệ 2010
Tags: Add Tag
No Tags, Be the first to tag this record!
Institutions: Mạng thư viện Đại học Đà Nẵng
LEADER 00742nam a2200205 4500
001 000016651
003 13054
005 20150812150835.0
008 121129s2010 sd
245 0 0 |a Thú rừng - Mammalia Việt Nam hình thái và sinh học sinh thái một số loài  |c Đặng Huy Huỳnh 
260 |a H.  |b Khoa học Tự nhiên và Công nghệ  |c 2010 
774 |d H.  |d Khoa học Tự nhiên và Công nghệ  |d 2010  |g T.2  |h 264 tr.  |n Đầu bìa sách ghi: Viện Khoa học và Công nghệ Việt Nam  |w 13055 
OWN |a LSP 
999 |a From the UDN01 
TYP |a Monograph 
TYP |a Printed language 
980 |a Mạng thư viện Đại học Đà Nẵng